| 000 | 00884nam a2200241 i 4500 | ||
|---|---|---|---|
| 003 | DO-SdBNP | ||
| 005 | 20250129102522.0 | ||
| 007 | ta | ||
| 008 | 240704n2023 dr ||||| |||| 00| 0 spa d | ||
| 040 |
_aDO-SdBNP _bspa _cBNPHU _erda |
||
| 082 | 4 |
_axxx _bT822 _222 |
|
| 110 |
_aRepública Dominicana _bSecretaría de Estado de Educación, Bellas Artes y Cultos _957502 |
||
| 245 | 1 | 0 |
_aReglamento de rectificación de actas del Estado Civil del Tribunal Superior Electoral (TSE) / _cpresentación, Ignacio Pascual Camacho Hidalgo |
| 264 | 1 |
_aSanto Domingo : _bTSE, _c2023. |
|
| 300 |
_a35 páginas ; _c22 cm. |
||
| 336 |
_atexto _btxt _2rdacontent |
||
| 337 |
_asin mediación _bn _2rdamedia |
||
| 338 |
_avolumen _bnc _2rdacarrier |
||
| 590 | _aInventariado 2024/ YL | ||
| 700 | 1 |
_aCamacho Hidalgo, Ignacio Pascual, _epresentación _4pres. _985948 |
|
| 910 | _aYLockward | ||
| 942 |
_2ddc _cLF2 |
||
| 999 |
_c57150 _d57150 |
||